000 00364nam a2200157Ia 4500
008 151213s9999 xx 000 0 und d
100 _aChinua Ached
245 _aThings Fall Apart
_cChinua Ached
250 _a1st
260 _aU.S.A
_bHeineman
_c1958
300 _a4223 p.
650 _aEnglish
650 _aLiterary
700 _aChinua Ached
999 _c2647
_d2647